All Bon Jovi Songs - Statistics

General Stats
  • This quiz has been taken 24 times
  • The average score is 56 of 280
Answer Stats
% Correct
Slippery When Wet Livin' On A Prayer
100%
Bon Jovi Runaway
88%
Have A Nice Day Have A Nice Day
81%
Crush It's My Life
81%
Keep The Faith Keep The Faith
81%
Slippery When Wet You Give Love A Bad Name
81%
Cross Road Always
75%
Slippery When Wet Wanted Dead Or Alive
75%
Keep The Faith Bed Of Roses
69%
Burning Bridges Burning Bridges
69%
New Jersey I'll Be There For You
69%
New Jersey Lay Your Hands On Me
69%
Lost Highway Lost Highway
69%
New Jersey Bad Medicine
63%
New Jersey Born To Be My Baby
63%
Bounce Bounce
63%
Slippery When Wet Let It Rock
63%
These Days These Days
63%
This House Is Not For Sale This House Is Not For Sale
63%
Keep The Faith In These Arms
56%
Slippery When Wet Never Say Goodbye
56%
What About Now What About Now
56%
Greatest Hits Blaze Of Glory
50%
New Jersey Blood On Blood
50%
Keep The Faith Dry County
50%
New Jersey 99 In The Shade
44%
New Jersey Living In Sin
44%
Lost Highway Lonely (Australia, New Zealand & UK Bonus Track)
44%
New Jersey Love For Sale
44%
Crush One Wild Night
44%
Bon Jovi Shot Through The Heart
44%
Slippery When Wet Social Disease
44%
Cross Road Someday I'll Be Saturday Night
44%
Slippery When Wet Wild In The Streets
44%
Crush Captain Crash & The Beauty Queen From Mars
38%
These Days Hey God
38%
New Jersey Homebound Train
38%
Keep The Faith I'll Sleep When I'm Dead
38%
7800° Fahrenheit In And Out Of Love
38%
7800° Fahrenheit Only Lonely
38%
New Jersey Ride Cowboy Ride
38%
Bon Jovi Roulette
38%
The Circle Superman Tonight
38%
These Days This Ain't A Love Song
38%
The Circle We Weren't Born To Follow
38%
Have A Nice Day Who Says You Can't Go Home
38%
Have A Nice Day Who Says You Can't Go Home (With Jennifer Nettles) (Original Bonus Track)
38%
New Jersey Wild Is The Wind
38%
Bounce All About Lovin' You
31%
What About Now Because We Can
31%
Keep The Faith Blame It On The Love Of Rock & Roll
31%
Bon Jovi Breakout
31%
Bon Jovi Come Back
31%
These Days Diamond Ring
31%
Bounce Everyday
31%
Keep The Faith Fear
31%
Keep The Faith I Believe
31%
Forever Legendary
31%
These Days Lie To Me
31%
Bounce Misunderstood
31%
This House Is Not For Sale Roller Coaster
31%
Bon Jovi She Don't Know Me
31%
These Days Something For The Pain
31%
Crush Thank You For Loving Me
31%
Forever The People's House
31%
Crush Two Story Town
31%
Have A Nice Day Welcome To Wherever You Are
31%
Lost Highway (You Want To) Make A Memory
31%
2020 American Reckoning
25%
Have A Nice Day Bells Of Freedom
25%
The Circle Brokenpromiseland
25%
The Circle Bullet
25%
Bon Jovi Burning For Love
25%
2020 Do What You Can
25%
2020 Do What You Can (With Jennifer Nettles) (Japanese Bonus Track)
25%
These Days Hearts Breaking Even
25%
Forever Hollow Man
25%
Bounce Hook Me Up
25%
Have A Nice Day I Am
25%
Slippery When Wet I'd Die For You
25%
Keep The Faith If I Was Your Mother
25%
Crush I Got The Girl
25%
Keep The Faith I Want You
25%
Bounce Joey
25%
Crush Just Older
25%
This House Is Not For Sale Knockout
25%
Have A Nice Day Last Man Standing
25%
2020 Limitless
25%
Keep The Faith Little Bit Of Soul
25%
Forever Living Proof
25%
Slippery When Wet Raise Your Hands
25%
Lost Highway Seat Next To You
25%
Forever Seeds
25%
New Jersey Stick To Your Guns
25%
Have A Nice Day Story Of My Life
25%
Bounce The Distance
25%
What About Now The Fighter
25%
7800° Fahrenheit Tokyo Road
25%
This House Is Not For Sale Walls (2018 Reissue Bonus Track)
25%
Lost Highway We Got It Going On (ft Big & Rich)
25%
Slippery When Wet Without Love
25%
Keep The Faith Woman In Love
25%
The Circle Work For The Working Man
25%
Burning Bridges A Teardrop To The Sea
19%
Have A Nice Day Complicated
19%
The Circle Fast Cars
19%
Burning Bridges Fingerprints
19%
Bon Jovi Get Ready
19%
These Days If That's What It Takes
19%
Lost Highway I Love This Town
19%
These Days (It's Hard) Letting You Go
19%
7800° Fahrenheit King Of The Mountain
19%
Forever Kiss The Bride
19%
Have A Nice Day Last Cigarette
19%
The Circle Live Before You Die
19%
Forever Living In Paradise
19%
Bon Jovi Love Lies
19%
2020 Lower The Flag
19%
These Days My Guitar Lies Bleeding In My Arms
19%
This House Is Not For Sale New Year's Day
19%
Crush Next 100 Years
19%
Greatest Hits No Apologies
19%
Burning Bridges Saturday Night Gave Me Sunday Morning
19%
This House Is Not For Sale Scars On This Guitar
19%
7800° Fahrenheit Silent Night
19%
These Days Something To Believe In
19%
2020 Story Of Love
19%
New Jersey The Boys Are Back In Town (2014 Deluxe Bonus Track)
19%
7800° Fahrenheit The Hardest Part Is The Night
19%
Greatest Hits The More Things Change
19%
7800° Fahrenheit The Price Of Love
19%
The Circle Thorn In My Side
19%
Bounce Undivided
19%
Forever Walls Of Jericho
19%
Forever Waves
19%
Burning Bridges We Don't Run
19%
This House Is Not For Sale We Don't Run (International Deluxe Bonus Track)
19%
Greatest Hits What Do You Got?
19%
The Circle When We Were Beautiful
19%
This House Is Not For Sale When We Were Us (2018 Reissue Bonus Track)
19%
Lost Highway Whole Lot Of Leavin'
19%
Have A Nice Day Wildflower
19%
7800° Fahrenheit Always Run To You
13%
What About Now Amen
13%
Lost Highway Any Other Day
13%
What About Now Army Of One
13%
Burning Bridges Blind Love
13%
2020 Blood In The Water
13%
2020 Brothers In Arms
13%
Single Christmas Isn't Christmas
13%
These Days Damned
13%
100,000,000 Bon Jovi Fans Can't Be Wrong Garageland
13%
This House Is Not For Sale God Bless This Mess
13%
The Circle Happy Now
13%
100,000,000 Bon Jovi Fans Can't Be Wrong If I Can't Have Your Love
13%
What About Now I'm With You
13%
Have A Nice Day I Want To Be Loved
13%
This House Is Not For Sale Living With The Ghost
13%
100,000,000 Bon Jovi Fans Can't Be Wrong Lonely At The Top
13%
Bounce Love Me Back To Life
13%
Forever My First Guitar
13%
Crush Mystery Train
13%
Have A Nice Day Novocaine
13%
Bounce Open All Night
13%
100,000,000 Bon Jovi Fans Can't Be Wrong Open All Night #2
13%
Bounce Right Side Of Wrong
13%
One Wild Night Live 1985–2001 Rockin' In The Free World
13%
What About Now Room At The End Of The World
13%
Crush Save The World
13%
Crush Say It Isn't So
13%
7800° Fahrenheit Secret Dreams
13%
Crush She's A Mystery
13%
Lost Highway Summertime
13%
What About Now That's What The Water Made Me
13%
This House Is Not For Sale The Devil's In The Temple
13%
100,000,000 Bon Jovi Fans Can't Be Wrong These Arms Are Open All Night
13%
What About Now Thick As Thieves
13%
Greatest Hits This Is Love, This Is Life
13%
Lost Highway Till We Ain't Strangers Anymore (ft Leann Rimes)
13%
2020 Unbroken
13%
Forever We Made It Look Easy
13%
Burning Bridges Who Would You Die For?
13%
100,000,000 Bon Jovi Fans Can't Be Wrong Why Aren't You Dead?
13%
2020 Beautiful Drug
6%
These Days Bitter Wine
6%
This House Is Not For Sale Born Again Tomorrow
6%
This House Is Not For Sale Come On Up To Our House
6%
100,000,000 Bon Jovi Fans Can't Be Wrong Crazy Love
6%
Have A Nice Day Dirty Little Secret (Japanese Bonus Track)
6%
Lost Highway Everybody's Broken
6%
This House Is Not For Sale Goodnight New York (International Deluxe Bonus Track)
6%
100,000,000 Bon Jovi Fans Can't Be Wrong Gotta Have A Reason
6%
One Wild Night Live 1985–2001 I Don't Like Mondays (With Bob Geldof)
6%
Burning Bridges I'm Your Man
6%
This House Is Not For Sale I Will Drive You Home (International Deluxe Bonus Track)
6%
100,000,000 Bon Jovi Fans Can't Be Wrong I Wish Everyday Could Be Like Christmas
6%
Forever I Wrote You A Song
6%
100,000,000 Bon Jovi Fans Can't Be Wrong Kidnap An Angel
6%
This House Is Not For Sale Labor Of Love
6%
2020 Let It Rain
6%
100,000,000 Bon Jovi Fans Can't Be Wrong Let's Make It Baby
6%
Burning Bridges Life Is Beautiful
6%
100,000,000 Bon Jovi Fans Can't Be Wrong Love Ain't Nothing But A Four Letter Word
6%
The Circle Love's The Only Rule
6%
100,000,000 Bon Jovi Fans Can't Be Wrong Memphis Lives In Me
6%
100,000,000 Bon Jovi Fans Can't Be Wrong Miss Fourth Of July
6%
Bounce No Regrets (Japanese Bonus Track)
6%
Non-Album Single Now Or Never (With Pitbull)
6%
Lost Highway One Step Closer
6%
100,000,000 Bon Jovi Fans Can't Be Wrong Only In My Dreams
6%
What About Now Pictures Of You
6%
A Very Special Christmas 2 Please Come Home For Christmas
6%
Bounce Postcards From The Wasteland (Japanese Bonus Track)
6%
This House Is Not For Sale Real Love (International Deluxe Bonus Track)
6%
This House Is Not For Sale Reunion
6%
Keep The Faith Starting All Over Again (Japanese & Australian Bonus Track)
6%
100,000,000 Bon Jovi Fans Can't Be Wrong Taking It Back
6%
100,000,000 Bon Jovi Fans Can't Be Wrong The Fire Inside
6%
Lost Highway The Last Night
6%
100,000,000 Bon Jovi Fans Can't Be Wrong The Radio Saved My Life Tonight
6%
Have A Nice Day These Open Arms (Japanese Bonus Track)
6%
100,000,000 Bon Jovi Fans Can't Be Wrong Thief Of Hearts
6%
Greatest Hits This Is Our House (iTunes Bonus Track)
6%
100,000,000 Bon Jovi Fans Can't Be Wrong Too Much Of A Good Thing
6%
7800° Fahrenheit To The Fire
6%
Burning Bridges We All Fall Down
6%
100,000,000 Bon Jovi Fans Can't Be Wrong We Rule The Night
6%
What About Now What's Left Of Me
6%
This House Is Not For Sale All Hail The King (International Deluxe Bonus Track)
0%
100,000,000 Bon Jovi Fans Can't Be Wrong All I Wanna Do Is You
0%
These Days All I Want Is Everything
0%
100,000,000 Bon Jovi Fans Can't Be Wrong Another Reason To Believe
0%
What About Now Beautiful World
0%
100,000,000 Bon Jovi Fans Can't Be Wrong Billy
0%
100,000,000 Bon Jovi Fans Can't Be Wrong Borderline
0%
100,000,000 Bon Jovi Fans Can't Be Wrong Breathe
0%
This House Is Not For Sale Color Me In (Walmart Bonus Track)
0%
100,000,000 Bon Jovi Fans Can't Be Wrong Every Beat Of My Heart
0%
What About Now Every Road Leads Home To You (Japanese Bonus Track)
0%
100,000,000 Bon Jovi Fans Can't Be Wrong Fields Of Fire
0%
100,000,000 Bon Jovi Fans Can't Be Wrong Flesh And Bone
0%
100,000,000 Bon Jovi Fans Can't Be Wrong Hush
0%
Crush I Could Make A Living Out Of Lovin' You (Japanese Bonus Track)
0%
100,000,000 Bon Jovi Fans Can't Be Wrong I Get A Rush
0%
100,000,000 Bon Jovi Fans Can't Be Wrong I Just Want To Be Your Man
0%
What About Now Into The Echo (Deluxe Edition Bonus Track)
0%
100,000,000 Bon Jovi Fans Can't Be Wrong Last Chance Train
0%
The Circle Learn To Love
0%
100,000,000 Bon Jovi Fans Can't Be Wrong Letter To A Friend
0%
New Jersey Love Is War (2014 Deluxe Bonus Track)
0%
2020 Luv Can (Japanese Bonus Track)
0%
100,000,000 Bon Jovi Fans Can't Be Wrong Maybe Someday
0%
Crush Neurotica (Japanese Bonus Track)
0%
100,000,000 Bon Jovi Fans Can't Be Wrong Nobody's Hero
0%
What About Now Not Running Anymore (Deluxe Edition Bonus Track)
0%
What About Now Old Habits Die Hard (Japanese Bonus Track)
0%
100,000,000 Bon Jovi Fans Can't Be Wrong Ordinary People
0%
100,000,000 Bon Jovi Fans Can't Be Wrong Outlaws Of Love
0%
100,000,000 Bon Jovi Fans Can't Be Wrong Out Of Bounds
0%
Lost Highway Put The Boy Back In Cowboy (Japanese Bonus Track)
0%
EDtv Soundtrack Real Life
0%
100,000,000 Bon Jovi Fans Can't Be Wrong Rich Man Living In A Poor Man's House
0%
100,000,000 Bon Jovi Fans Can't Be Wrong River Runs Dry
0%
100,000,000 Bon Jovi Fans Can't Be Wrong Satellite
0%
Keep The Faith Save A Prayer
0%
2020 Shine (Japanese Bonus Track)
0%
100,000,000 Bon Jovi Fans Can't Be Wrong Shut Up And Kiss Me
0%
100,000,000 Bon Jovi Fans Can't Be Wrong Someday Must Just Be Tonight
0%
100,000,000 Bon Jovi Fans Can't Be Wrong Sympathy
0%
Burning Bridges Take Back The Night (Japanese Bonus Track)
0%
100,000,000 Bon Jovi Fans Can't Be Wrong Temptation
0%
Forever That Was Then, This Is Now (Japanese Bonus Track)
0%
100,000,000 Bon Jovi Fans Can't Be Wrong The End
0%
This House Is Not For Sale Touch Of Grey (Japanese Bonus Track)
0%
Have A Nice Day Unbreakable (Japanese Bonus Track)
0%
Lost Highway Walk Like A Man (US Target Bonus Track)
0%
100,000,000 Bon Jovi Fans Can't Be Wrong With A Little Help From My Friends
0%
What About Now With These Two Hands (Deluxe Edition Bonus Track)
0%
100,000,000 Bon Jovi Fans Can't Be Wrong You Can Sleep While I Dream
0%
Bounce You Had Me At Hello
0%
No matching quizzes found
Score Distribution
Percent of People with Each Score
Percentile by Number Answered
Your Score History
You have not taken this quiz